000 01860cam a2200289 i 4500
001 9952903279105158
005 20251003171959.0
008 230714s2024 enka b 001#0 eng d
020 _a9781447369561
035 _a(OCoLC)1390189980
035 _a(EXLNZ-01OCUL_NETWORK)994277461805151
040 _aYDX
_beng
_erda
_cYDX
_dBDX
_dKIJ
_dOCLCO
_dYDX
041 _aeng
050 4 _aQA76.9.Q36
_bH36 2024
245 0 4 _aThe handbook of creative data analysis
_c/ edited Helen Kara, Dawn Murray, and Alastair Roy.
260 _aBristol :
_bPolicy Press,
_c2024.
300 _axxiv, 481 pages :
_billustrations ;
_c25 cm
504 _aIncludes bibliographical references and index.
520 _aCreative research methods for data generation have expanded over recent decades and researchers are eager to take a creative approach to data analysis. It is challenging to bring creativity into data analysis while retaining a systematic, rigorous, and ethical approach. Written by experts in the field, this handbook addresses these challenges. The chapters adapt analytical techniques in creative ways for novice and expert researchers. Existing and novel methods from analysis of quantitative data to embodied, performative, visual, written, arts-based, and collaborative analysis are featured with case examples that are transferable across disciplines. This collection offers a definitive practical guide to creative data analysis.
650 0 _aQuantitative research
_922003
650 0 _aCreative ability in science
_926004
700 _aKara, Helen
_eeditor
_926005
700 _aMurray, Dawn
_eeditor
_926006
700 _aRoy, Alastair
_eeditor
_926007
776 0 8 _iElectronic version:
_tHandbook of creative data analysis.
_dBristol : Policy Press, an imprint of University of Bristol Press, 2024
_z9781447369592
_w(OCoLC)1454607536
942 _2lcc
999 _c5006
_d5006